000 00452cam a2200193ua 4500
001 3203
008 111012n ii |||gr||||Z||||||asm
020 _a81-7206-140-3
040 _cMAIN
082 _a891.4513
100 1 _aDaie, Lummer,
_eAuthor.
245 1 1 _aUpor mahal
_cby Lummer Daie
250 _a1st.
260 _aGuahati:
_bBani Mandir,
_c2003.
300 _a227p:
_c23cm.
653 _aAssamese novel
653 _aUpor mahal
942 _cBK
999 _c3049
_d3049